000
00237nam a22000977a 4500
008
160511b xxu||||| |||| 00| 0 eng d
041
_a
eng
080
_a
61
245
_a
An atlas of human histology:
_c
Mariano S.H.DI Fiore;
942
_2
udc
_c
BK
999
_c
2013
_d
2013